Els Ajuntaments i les empreses prestadores de serveis urbans : electricitat, gas, aigua i telecomunicacions / electricitat, gas, aigua i telecomunicacions /
ISBN:
84-7794-214-5
Publicado:
Barcelona :
Diputació de Barcelona, Àrea de Cooperació, Oficina Tècnica de Cooperació ,
1995
Descripción Física:
59 p. ; 24 cm
Colección:
OTC manuals de gestió
; 6
Idioma:
Catalán
MARC
| LEADER | 00000nam a2200000Ia 4500 | ||
|---|---|---|---|
| 001 | 11186 | ||
| 003 | Arxiu | ||
| 005 | 20260324175415.0 | ||
| 008 | 160829s1995 spc xx s cat c | ||
| 020 | |a 84-7794-214-5 | ||
| 040 | |a AGDB | ||
| 080 | |a M-2-88 | ||
| 100 | |a García Bragado Acín, Ramón |9 64870 | ||
| 245 | 1 | 4 | |a Els Ajuntaments i les empreses prestadores de serveis urbans : |b electricitat, gas, aigua i telecomunicacions / |c Ramon García-Bragado i Acín |
| 260 | |a Barcelona : |b Diputació de Barcelona, Àrea de Cooperació, Oficina Tècnica de Cooperació, |c 1995 | ||
| 300 | |a 59 p. ; |c 24 cm | ||
| 490 | 1 | |a OTC manuals de gestió ; |v 6 | |
| 650 | 0 | |a Serveis públics |x Catalunya |9 32107 | |
| 650 | |a Serveis municipals |x Catalunya |9 32108 | ||
| 710 | |a Barcelona (Catalunya : Província). |b Oficina Tècnica de Cooperació |9 53580 | ||
| 830 | 0 | |9 56040 |a OTC manuals de gestió |v 6 | |
| 901 | |a Arxiu | ||
| 942 | |n 1 |2 udc |c ARXIU | ||
| 952 | |0 0 |1 0 |4 0 |6 M288 |7 1 |9 45873 |a Arxiu |b Arxiu |d 2016-12-01 |l 0 |o M-2-88 |p 11186 |r 2016-12-01 00:00:00 |w 2016-12-01 |y ARXIU | ||
| 999 | |c 49374 |d 49374 | ||